UM Logo

Almanac for a revolution/ (Record no. 15668)

MARC details
000 -LEADER
fixed length control field 00431nam a22001457a 4500
008 - FIXED-LENGTH DATA ELEMENTS--GENERAL INFORMATION
fixed length control field 201016b ||||| |||| 00| 0 eng d
020 ## - INTERNATIONAL STANDARD BOOK NUMBER
International Standard Book Number 9715422721
082 ## - DEWEY DECIMAL CLASSIFICATION NUMBER
Edition number 2000
Classification number DFil 899.2112
Item number P58
100 ## - MAIN ENTRY--PERSONAL NAME
Personal name Pichay, Nicolas
9 (RLIN) 42402
245 ## - TITLE STATEMENT
Title Almanac for a revolution/
Statement of responsibility, etc. Nicolas Pichay
260 ## - PUBLICATION, DISTRIBUTION, ETC. (IMPRINT)
Place of publication, distribution, etc. Quezon City:
Name of publisher, distributor, etc. UP Press,
Date of publication, distribution, etc. ©2000.
300 ## - PHYSICAL DESCRIPTION
Extent x, 111 pages;
Dimensions 23 cm.
650 ## - SUBJECT ADDED ENTRY--TOPICAL TERM
Topical term or geographic name as entry element Philippine Drama.
9 (RLIN) 42403
942 ## - ADDED ENTRY ELEMENTS (KOHA)
Source of classification or shelving scheme Dewey Decimal Classification
Koha item type Filipiniana
Holdings
Withdrawn status Lost status Source of classification or shelving scheme Damaged status Not for loan Collection code Home library Current library Date acquired Source of acquisition Total Checkouts Full call number Barcode Date last seen Price effective from Koha item type
    Dewey Decimal Classification     Filipiniana UM Digos College - LIC UM Digos College - LIC 05/20/2004 Purchase   DFil 899.2112 P58 2000 17173 06/08/2021 10/16/2020 Filipiniana